<?xml version="1.0" encoding="UTF-8"?>
<record
    xmlns:xsi="http://www.w3.org/2001/XMLSchema-instance"
    xsi:schemaLocation="http://www.loc.gov/MARC21/slim http://www.loc.gov/standards/marcxml/schema/MARC21slim.xsd"
    xmlns="http://www.loc.gov/MARC21/slim">

  <leader>01478    a2200193   4500</leader>
  <controlfield tag="003">Nust</controlfield>
  <controlfield tag="005">20221024094650.0</controlfield>
  <datafield tag="010" ind1=" " ind2=" ">
    <subfield code="a">   79083285</subfield>
  </datafield>
  <datafield tag="020" ind1=" " ind2=" ">
    <subfield code="a">0132471973</subfield>
  </datafield>
  <datafield tag="040" ind1=" " ind2=" ">
    <subfield code="c">Nust</subfield>
  </datafield>
  <datafield tag="082" ind1="0" ind2="0">
    <subfield code="a">621.3,DEF</subfield>
  </datafield>
  <datafield tag="100" ind1="1" ind2=" ">
    <subfield code="a">De France, J. J.</subfield>
    <subfield code="9">101175</subfield>
  </datafield>
  <datafield tag="245" ind1="1" ind2="0">
    <subfield code="a">Electrical fundamentals /</subfield>
    <subfield code="c">J. J. DeFrance.</subfield>
  </datafield>
  <datafield tag="260" ind1=" " ind2=" ">
    <subfield code="a">Englewood Cliffs, N.J.,</subfield>
    <subfield code="b">Prentice-Hall</subfield>
    <subfield code="c">[1969]</subfield>
  </datafield>
  <datafield tag="300" ind1=" " ind2=" ">
    <subfield code="a">xviii, 702 p.</subfield>
    <subfield code="b">illus.</subfield>
    <subfield code="c">24 cm.</subfield>
  </datafield>
  <datafield tag="505" ind1=" " ind2=" ">
    <subfield code="a">Electron Theory (Page-3), Conductance , Resistance and Insulation (Page-14), Calculation of Conductance and Resistance (Page-23), Electrical Units and Their Reaction (Page-31), Electrical Power and Energy (Page-43), Commercial Resistors (Page-60), Series Circuits (Page-80), Parallel Circuits (Page-90), Series &#x2013; Parallel Circuits (Page-99), Voltage Dividers (Page-112), Primary Cells (Page-120), Secondary Cells (Page-141), Permanent Magnetism (Page-162), Electromagnetism (Page-172), Magnetic- Circuit Calculations (Page-183), Direct &#x2013; Current Measuring Instrument (Page-202), Method of Measuring Resistance (Page-223), Induced Voltage (Page-238), Self-Inductance and Mutual Inductance (Page-247), Dielectric Circuits and capacitance (Page-274), Direct &#x2013; Current Generators (Page-306), Direct &#x2013; Current Motors (Page-318), Kirchhoff&#x2019;s Laws (Page-327), Network Theory (Page-338), Introduction to Alternating Currents (Page-361), Part.2= Alternating Current (Page-361-638). </subfield>
  </datafield>
  <datafield tag="650" ind1=" " ind2="0">
    <subfield code="a">Electrical engineering.</subfield>
  </datafield>
  <datafield tag="942" ind1=" " ind2=" ">
    <subfield code="2">ddc</subfield>
    <subfield code="c">BK</subfield>
  </datafield>
  <datafield tag="999" ind1=" " ind2=" ">
    <subfield code="c">180265</subfield>
    <subfield code="d">180265</subfield>
  </datafield>
  <datafield tag="952" ind1=" " ind2=" ">
    <subfield code="0">0</subfield>
    <subfield code="1">0</subfield>
    <subfield code="2">ddc</subfield>
    <subfield code="4">0</subfield>
    <subfield code="7">0</subfield>
    <subfield code="a">MCS</subfield>
    <subfield code="b">MCS</subfield>
    <subfield code="c">GEN</subfield>
    <subfield code="d">2016-12-12</subfield>
    <subfield code="o">621.3,DEF</subfield>
    <subfield code="p">MCS5813</subfield>
    <subfield code="r">2016-12-08</subfield>
    <subfield code="w">2016-12-12</subfield>
    <subfield code="y">BK</subfield>
    <subfield code="z">Almirah No.28, Shelf No.1</subfield>
  </datafield>
</record>
